Operations management : (Record no. 49847)

MARC details
000 -LEADER
fixed length control field 00833nam a22002177a 4500
008 - FIXED-LENGTH DATA ELEMENTS--GENERAL INFORMATION
fixed length control field 170405b xxu||||| |||| 00| 0 eng d
020 ## - INTERNATIONAL STANDARD BOOK NUMBER
International Standard Book Number 9780138499365
050 ## - LIBRARY OF CONGRESS CALL NUMBER
Classification number TS155
Item number .R75 1998
100 ## - MAIN ENTRY--PERSONAL NAME
Personal name Russell, Roberta S
245 ## - TITLE STATEMENT
Title Operations management :
Remainder of title focusing on quality and competitiveness /
Statement of responsibility, etc Roberta S. Russell, Bernard W. Taylor III
250 ## - EDITION STATEMENT
Edition statement 2nd ed
260 ## - PUBLICATION, DISTRIBUTION, ETC. (IMPRINT)
Place of publication, distribution, etc Upper Saddle River, N.J. :
Name of publisher, distributor, etc Prentice Hall,
Date of publication, distribution, etc 1998
300 ## - PHYSICAL DESCRIPTION
Extent xxii, 837, [19] p. :
Other physical details col. ill. ;
Dimensions 26 cm
500 ## - GENERAL NOTE
General note Includes bibliographical references and index
500 ## - GENERAL NOTE
General note Rev. ed. of: Production and operations management. c1995
650 ## - SUBJECT ADDED ENTRY--TOPICAL TERM
Topical term or geographic name as entry element Production management
650 ## - SUBJECT ADDED ENTRY--TOPICAL TERM
Topical term or geographic name as entry element Quality control
700 ## - ADDED ENTRY--PERSONAL NAME
Personal name Taylor, Bernard W
700 ## - ADDED ENTRY--PERSONAL NAME
Personal name Russell, Roberta S.
Titles and other words associated with a name Production and operations management
942 ## - ADDED ENTRY ELEMENTS (KOHA)
Source of classification or shelving scheme Library of Congress Classification
Item type Book
Holdings
Withdrawn status Lost status Source of classification or shelving scheme Damaged status Not for loan Collection code Home library Current library Shelving location Date acquired Source of acquisition Cost, normal purchase price Total Checkouts Full call number Barcode Date last borrowed Copy number Price effective from Koha item type
    Library of Congress Classification     Non-fiction Nairobi Campus Nairobi Campus General Circulation 05/04/2017 Donations- BFA 500.00 2 TS155 .R75 1998 052461 31/03/2018 1 05/04/2017 Book